Réalisateurs de films (Louis de Funès) - Statistiques

Statistiques générales
  • Ce quiz a été pris 38 fois
  • Le résultat moyen est 19 sur 30
Statistiques - réponses
Indice Réponse % Correct
1965 Le Corniaud Gérard Oury
88%
1966 La Grande Vadrouille Gérard Oury
88%
1971 La Folie des Grandeurs Gérard Oury
88%
1973 Les Aventures de Rabbi Jacob Gérard Oury
88%
1976 L'Aile ou la Cuisse Claude Zidi
85%
1978 La Zizanie Claude Zidi
85%
1964 Faites sauter la banque Jean Girault
76%
1964 Le Gendarme de Saint-Tropez Jean Girault
76%
1965 Le Gendarme à New York Jean Girault
76%
1967 Les Grandes Vacances Jean Girault
76%
1968 Le Gendarme se marie Jean Girault
76%
1970 Le Gendarme en balade Jean Girault
76%
1971 Jo Jean Girault
76%
1979 Le Gendarme et les Extraterrestres Jean Girault
76%
1980 L'Avare Jean Girault
76%
1981 La Soupe aux Choux Jean Girault
76%
1982 Le Gendarme et les Gendarmettes Jean Girault
76%
1967 Oscari Edouard Molinaro
70%
1969 Hibernatus Edouard Molinaro
70%
1964 Fantômas André Hunebelle
55%
1965 Fantômas se déchaîne André Hunebelle
55%
1967 Fantômas contre Scotland Yard André Hunebelle
55%
1968 Le Petit Baigneur Robert Dhéry
45%
1970 L'Homme Orchestre Serge Korber
39%
1971 Sur un arbre perché Serge Korber
39%
1966 Le Grand Restaurant Jacques Besnard
33%
1968 Le Tatoué Denis de la Patellière
30%
1964 Des pissenlits par la racine Georges Lautner
21%
1965 Les Bons Vivants Georges Lautner
21%
1964 Une souris chez les hommes Jacques Poitrenaud
15%
Aucun quiz correspondant
Distribution des résultats
% des personnes avec chaque résultat
Percentile par nombre de réponses
Votre historique - résultats
Vous n’avez pas pris ce quiz